000 00656nam a2200241Ia 4500
003 OSt
005 20220918211656.0
006 a|||||r|||| 00| 0
007 ta
008 220917b |||||||| |||| 00| 0 eng d
024 _a125,228
037 _cTextual
040 _aARTS
_cARTS
_beng
041 _2eng
_aeng
082 _aP111,3:4, H6
100 _aBrown Ivor
_911978
245 0 _aBook of words
_b comparising a word in your ear and Jast Another word
260 _aLondon
_bJonathan Cape
_c1946
300 _a264p.
_ccm.
650 _aLINGUISTICS
942 _hP111,3:4, H6
_cTEXL
_2CC
999 _c248394
_d248394